| 000 | 00837cam a2200229 4500 | ||
|---|---|---|---|
| 001 | ABS61591 | ||
| 008 | 000000n1999 000 0 eng u | ||
| 035 | _a(Sirsi) u102329 | ||
| 100 | _aSeidl, A. | ||
| 245 | _aAgents sell themselves short | ||
| 260 | _c1999 | ||
| 490 |
_aEstates Gazette _v(9945) 13 November 1999, 72(1) |
||
| 520 | _aResearch carried out by Wheeler Associates suggests that many of the top surveying firms do not market themselves effectively, with most failing to carry our market research or measure client satisfaction, and many not employing marketing staff. | ||
| 590 | _aABS | ||
| 650 | _aMARKETING | ||
| 650 | _aMARKET RESEARCH | ||
| 650 | _aSURVEYING FIRMS | ||
| 650 | _aCLIENT SATISFACTION | ||
| 650 | _aBRANDING | ||
| 690 | _aMANAGEMENT-BUSINESS MANAGEMENT-PROFESSIONAL PRACTICE | ||
| 942 | _n0 | ||
| 999 |
_c61354 _d61354 |
||